Zhongguo si xiang zhi yan jiu /

Saved in:
Bibliographic Details
Main Author: Uno, Seiichi, 1910-
Other Authors: Hong, Shunlong., Qiu, Qiyang., Lin, Maosong.
Format: Book
Language:Chinese
Japanese
Published: Taibei : You shi wen hua shi ye gong si, [Min guo 66 yi.e 1977]
Series:You shi yi cong..
Subjects:
Tags: Add Tag
No Tags, Be the first to tag this record!
LEADER 01955cam a2200493 a 4500
001 007725425-2
005 20024617103528.0
008 860911s1977 ch b 000 0 chi
010 |a 79841632 
035 0 |a ocm14205308 
035 0 |a ocm14205308  |z ocm31127383 
040 |a DLC  |c NSbIA  |d NSbIA  |d OCoLC  |d *BZV*  |d *YNH*  |d CStRLIN 
041 1 |a chi  |h jpn 
043 |a a-cc--- 
050 0 0 |a B126  |b .C522312 
100 1 |6 880-01  |a Uno, Seiichi,  |d 1910- 
240 1 0 |6 880-02  |a Chūgoku shisō.  |l Chinese 
245 1 0 |6 880-03  |a Zhongguo si xiang zhi yan jiu /  |c Yuye Jingyi zhu bian ; Hong Shunlong yi. 
260 |6 880-04  |a Taibei :  |b You shi wen hua shi ye gong si,  |c [Min guo 66 yi.e 1977] 
300 |a 3 v. ;  |c 22 cm. 
490 1 |6 880-05  |a You shi yi cong. 
500 |6 880-06  |a Translation of Chūgoku shisō published as vols. 2-4 of Kōza Tōyō shisō. 
500 |6 880-07  |a Vol. 1 translated by Hong Shunlong ; Vol. 2 by Qiu Qiyang ; Vol. 3 by Lin Maosong. 
504 |a Includes bibliographies. 
650 0 |a Philosophy, Chinese. 
700 1 |6 880-08  |a Hong, Shunlong. 
700 1 |6 880-09  |a Qiu, Qiyang. 
700 1 |6 880-10  |a Lin, Maosong. 
740 0 |6 880-11  |a Chūgoku shisō no kenkyū. 
880 1 |6 100-01  |a 宇野精一,  |d 1910- 
880 1 0 |6 240-02  |a 中國思想.  |l Chinese 
880 1 0 |6 245-03  |a 中國思想之硏究 /  |c 宇野精一主編; 洪順隆譯. 
880 |6 260-04  |a 臺北 :  |b 幼獅文化事業公司,  |c [民國66 i.e. 1977] 
880 1 |6 490-05  |a 幼獅譯叢. 
880 |6 500-06  |a Translation of 中國思想 published as vols. 2-4 of 講座東洋思想. 
880 |6 500-07  |a Vol. 1 translated by 洪順隆 ; Vol. 2 by 邱棨[yang] ; Vol. 3 by 林茂松 
880 1 |6 700-08  |a 洪順隆. 
880 1 |6 700-09  |a 邱棨[yang]. 
880 1 |6 700-10  |a 林茂松. 
880 0 |6 740-11  |a 中國思想の硏究. 
830 0 |6 880-55  |a You shi yi cong.. 
880 0 |6 830-55  |a 幼獅譯叢.. 
988 |a 20021127 
906 |0 DLC